000
00272nam a2200109Ia 4500
008
190216s9999||||xx |||||||||||||| ||und||
100
_a
"Cooper Www, Yuji Lgiri"
245
0
_a
Dictionary For Accountancy
260
_b
Prentice Hall India
_c
1984
300
_a
545p
942
_c
BK
999
_c
5019
_d
5019